|
|
|
|
| LEADER |
00000nim a2200000 a 4500 |
| 001 |
vtls008933559 |
| 003 |
SK-MaSNL |
| 005 |
20260402191058.0 |
| 007 |
sd fsngnnmmned |
| 008 |
070109s2006 xo nnnng f k u slo |
| 015 |
|
|
|a SNBJ2011/02-01617
|
| 028 |
1 |
2 |
|a 0108-2-831
|b FZ
|
| 040 |
|
|
|a SNK
|b slo
|c SNK
|e AACR2
|
| 041 |
0 |
|
|a slo
|
| 043 |
|
|
|a e-xo---
|
| 044 |
|
|
|a xo
|c SK
|
| 072 |
|
7 |
|a 792
|x Divadlo. Divadelné predstavenia
|2 konspekt
|
| 080 |
|
|
|a 792.2
|2 2001
|
| 080 |
|
|
|a (086.76)
|2 2001
|
| 100 |
1 |
|
|a Vosátko, Karol
|4 drt
|9 394836
|
| 245 |
1 |
0 |
|a English is easy, Csaba is Dead
|h zvukový dokument
|c Karol Vosátko a kolektív ; [hudba : Slavo Solovic, Michal Kaščák]
|
| 260 |
|
|
|a Banská Bystrica
|b Forza Music
|c 2006
|
| 300 |
|
|
|a 1 zvuková platňa (CD)
|b digital, stereo
|c 12 cm
|e 1 brožúra ([10] s.)
|
| 500 |
|
|
|a Obsahuje 14 epizód
|
| 500 |
|
|
|a Brožúra obsahuje fotografie a krátky profil hercov
|
| 508 |
|
|
|a Réžia: Karol Vosátko ; hudba: Slavo Solovič & Michal Kaščák
|
| 511 |
0 |
|
|a Účinkujú: Igor Adamec (učiteľ), Peter Batthyány (Robo), Robo Laurinec (Rudi), Ivan Macho (Edo Štartér), Peter Sklár (Miki), Martin Vanek (Paula)
|
| 518 |
|
|
|a Nahral: Ľubomír Šalátek & Stanislav Šebesta
|
| 518 |
|
|
|a Verejná nahrávka: 20.4.2006 v divadle GUnaGU
|
| 648 |
|
7 |
|a 2006
|2 SNKPH
|9 313148
|
| 650 |
0 |
7 |
|a divadelné predstavenia
|2 SNKPH
|9 3328
|
| 655 |
|
7 |
|a kompaktné platne
|2 SNKPH
|9 70690
|
| 655 |
|
7 |
|a zvukové dokumenty
|2 SNKPH
|9 285047
|
| 700 |
1 |
|
|a Adamec, Igor,
|d 1964-
|4 prf
|9 12618
|
| 700 |
1 |
|
|a Batthyany, Peter,
|d 1966-
|4 prf
|9 1636130
|
| 700 |
1 |
|
|a Laurinec, Robo
|4 prf
|9 535726
|
| 700 |
1 |
|
|a Macho, Ivan,
|d 1926-1992
|4 prf
|9 250639
|
| 700 |
1 |
|
|a Sklár, Peter,
|d 1968-
|4 prf
|
| 700 |
1 |
|
|a Vanek, Martin,
|d 1966-
|4 prf
|9 98518
|
| 700 |
1 |
|
|a Solovic, Slavo,
|d 1974-
|4 cmp
|9 309986
|
| 700 |
1 |
|
|a Kaščák, Michal,
|d 1972-
|4 cmp
|
| 999 |
|
|
|c 826381
|d 828311
|
| 952 |
|
|
|a SNK
|b SNK
|y PREZ
|7 0
|p 17A0533712
|o snkSCD 2041
|i snk2007/516
|8 0
|0 0
|1 0
|4 0
|d 2007-01-09
|l 0
|r 2026-02-24 03:21:37
|w 2026-02-24
|